Antología de José Martí (Record no. 203935)
[ view plain ]
| 000 -CABECERA | |
|---|---|
| campo de control de longitud fija | 00919nam a2200265 a 4500 |
| 003 - IDENTIFICADOR DEL NÚMERO DE CONTROL | |
| campo de control | MX-MxUPN |
| 005 - FECHA Y HORA DE LA ÚLTIMA TRANSACCIÓN | |
| campo de control | 20240913064007.0 |
| 008 - ELEMENTOS DE LONGITUD FIJA--INFORMACIÓN GENERAL | |
| campo de control de longitud fija | 190807s1980 mx r 000 0 spa d |
| 020 ## - NÚMERO INTERNACIONAL NORMALIZADO PARA LIBROS | |
| Número Internacional Estándar del Libro | 9686050283 |
| 035 ## - NÚMERO DE CONTROL DEL SISTEMA | |
| Número de control de sistema | UPN01000231840 |
| 040 ## - FUENTE DE LA CATALOGACIÓN | |
| Centro catalogador/agencia de origen | MX-MxUPN |
| Lengua de catalogación | spa |
| Centro/agencia transcriptor | MX-MxUPN |
| 041 0# - CÓDIGO DE IDIOMA | |
| Código de lengua del texto/banda sonora o título independiente | spa |
| 050 14 - SIGNATURA TOPOGRÁFICA DE LA BIBLIOTECA DEL CONGRESO | |
| Número de clasificación | PQ7389 M2 |
| Número de documento/Ítem | Z378 1980 |
| 100 1# - ASIENTO PRINCIPAL--NOMBRE PERSONAL | |
| Nombre de persona | Martí, José, |
| Fechas asociadas al nombre | 1853-1895 |
| 9 (RLIN) | 29034 |
| 245 10 - MENCIÓN DE TÍTULO | |
| Título | Antología de José Martí |
| 250 ## - MENCIÓN DE EDICIÓN | |
| Mención de edición | Tercera edición. |
| 260 ## - PUBLICACIÓN, DISTRIBUCIÓN, ETC. | |
| Lugar de publicación, distribución, etc. | México, D.F. : |
| Nombre del editor, distribuidor, etc. | Oasis, |
| Fecha de publicación, distribución, etc. | 1980. |
| 300 ## - DESCRIPCIÓN FÍSICA | |
| Extensión | 231 páginas |
| 490 0# - MENCIÓN DE SERIE | |
| Mención de serie | Colección Pensamiento de América ; |
| Designación de volumen o secuencia | 12 |
| 505 0# - NOTA DE CONTENIDO CON FORMATO PREESTABLECIDO | |
| Título | La pasión de América -- |
| -- | La edad de oro (Nueva York, 1889) -- |
| -- | Verso -- |
| -- | La pasión de Cuba -- |
| -- | Páginas póstumas. |
| 600 17 - ASIENTO SECUNDARIO DE MATERIA - NOMBRE PERSONAL | |
| Nombre de persona | Martí, José, |
| Fechas asociadas al nombre | 1853-1895 - |
| Subdivisión de forma | Colecciones de escritos |
| Fuente del encabezamiento o término | |
| 9 (RLIN) | 26845 |
| 700 1# - ASIENTO SECUNDARIO--NOMBRE DE PERSONAL | |
| Nombre de persona | Magdaleno, Mauricio, |
| Fechas asociadas al nombre | 1906-1986 |
| Término indicativo de función/relación | compilador |
| -- | prologuista |
| 9 (RLIN) | 29096 |
| 942 ## - ELEMENTOS DE PUNTO DE ACCESO ADICIONAL (KOHA) | |
| Fuente del sistema de clasificación o colocación | Library of Congress Classification |
| Tipo de ítem Koha | Libro |
| Estado de retiro | Estado de pérdida | Fuente del sistema de clasificación o colocación | Estado dañado | No para préstamo | Código de colección | Localización permanente | Ubicación/localización actual | Ubicación en estantería | Fecha de adquisición | Clasificación | Código de barras | Fecha visto por última vez | Tipo de ítem Koha |
|---|---|---|---|---|---|---|---|---|---|---|---|---|---|
| Library of Congress Classification | Colección General | Bib. Gregorio Torres Quintero | Bib. Gregorio Torres Quintero | Planta baja | 25/08/2022 | PQ7389 M2 Z378 1980 | 332198 | 31/12/2020 | Libro |
